La Responsabilidad civil de los promotores, constructores y tecnicos por los defectos de la construccion : estudio del articulo 1.591 del Codigo Civil y su problematica actual /

Bibliographic Details
Main Author: Gomez de la Escalera, Carlos Rafael
Format: Book
Language:Spanish
Published: Barcelona : Jose Maria Bosch, 1993
Edition:2ð ed. rev. y act
Subjects:
Online Access:Acceso restringido

MARC

LEADER 00000nam a2200000 i 4500
005 20120112135242.0
007 cr|||| |||||
008 960528s1994 sp 000 0 spa c
020 |a 84-7698-228-3 
035 |a 1179 
040 |d vLex 
090 |c 2913  |d 2913 
100 1 0 |a Gomez de la Escalera, Carlos Rafael 
245 1 3 |a La Responsabilidad civil de los promotores, constructores y tecnicos por los defectos de la construccion  |h [Recurso electrn̤ico] :  |b : estudio del articulo 1.591 del Codigo Civil y su problematica actual /  |c Carlos Rafael Gomez de la Escalera 
250 |a 2ð ed. rev. y act 
256 |a Servicio en ln̕ea 
260 |a Barcelona :  |b Jose Maria Bosch,  |c 1993 
300 |a 1 recurso electrn̤ico 
500 |a n̕dice de sentencias del Tribunal Supremo p. 329-334 
504 |a Bibliografa̕ 
506 1 |a Contenido solo disponible en los productos indicados  |d vLex Global   |d vLex Global (Academic Edition, excluding Law Schools)   |d vLex Global (U.S. Academic Edition, Law Schools)   |d vLex Global (U.S. Academic Edition, excluding Law Schools)   |d vLex Global (Academic Edition, Law Schools)  
651 4 |a Espaą 
651 4 |a Francia 
740 0 |a vLex Libros (Servicio en ln̕ea) 
856 4 0 |u http://vlex.com/source/responsabilidad-civil-defectos-construccion-1179  |z Acceso restringido 
942 |c BOOK 
999 0 |a  Civil law 
999 0 |a Jurisprudence